00653nam a2200241 a 4500001001300000003000900013005001700022008004100039020001000080082001300090100001900103245002200122260003300144300000900177500003500186505001000221650001300231700001900244902000800263942000700271952011600278999001700394nice12345678IN_TiNIC20260116015244.0050524s1962 lona grp 000 0 eng  ac10000a230bDAV aDavis, Charles aStudy of Theology aLondonbSheed and Wardc1962 a348p aincludes index and biblioraphy2 aIndex aTheology1 aDavis, Charles bSRS cBK 001040708StackRoom-aHMIbHMId2007-06-22g100.00l0o230 DAVp11000909r2007-06-22v100.00w2005-05-24yBK c18938d18938